01112cam a2200301 a 45000010005000000030008000050050017000130080041000300200029000710200022001000200023001220350018001450400034001630410008001970820032002051000021002372450126002582500031003842600052004153000026004674900027004935040041005205050126005616500022006877000034007097000033007437000034007766564BD-RjUL20211208234252.0160829m19631957nyu b 001 0 eng d a0471608475 (pbk. : v. 2) a0470226382 (v. 2) a0470226056 (Pt.-1) a(BD-RjUL)6605 aDLCcDLCdDLCd(BD-RjUL)beng aeng00a515.7246219bDUL 1957-19631 aDunford, Nelson.10aLinear operators / cNelson Dunford and Jacob T. Schwartz ; with the assistance of William G. Bade and Robert G. Bartle. aWiley Classics Library ed. aNew York :bInterscience Publishers,c1957-1963 aV. ;bill. ; c24 cm.0 aWiley classics library aIncludes bibliographies and indexes.0 aPart 1. General theory -- pt. 2. Spectral theory, Self Adjoint Operators in Hilbert Space -- pt. 3. Spectral operators. 0aLinear operators.1 aSchwartz, Jacob T. ,jt. auth.1 aBade, William G. , jt. auth.1 aBartle, Robert G. , jt. auth.